Articles clefs de la Constitution de 1958 - Statistiques

Statistiques générales
  • Ce quiz a été pris 2 559 fois
    2 555 depuis la dernière actualisation
  • Le résultat moyen est 16 sur 46
Statistiques - réponses
Hint Explanation Réponse % Correct
Pouvoirs exceptionnels Article 16
69%
Une république indivisible et décentralisée Article 01
68%
Droit au référendum polemique autour de l'utilisation comme methode de revision constitutionnelle (aux meme effet que le 89) Article 11
64%
Modalités des révisions constituionnelles Article 89
62%
Dissolution de l'Assemblée Nationale Article 12
61%
Skip Je sais pas
58%
Le PDLR veille au respect la constitution, garant de l'independance nationale Article 05
56%
Limitation du domaine de la loi rationalisation du parlement (mais cette limitation est genereuse) Article 34
55%
Le PDLR nomme le PM Article 08
54%
« Le Gouvernement détermine et conduit la politique de la nation. » Article 20
53%
« Les matières autres que celles qui sont du domaine de la loi ont un caractère réglementaire. » Article 37
52%
Responsabilité politique du Gouvernement devant l'Assemblée Article 49
46%
Election du PDLR au suffrage universel direct Article 06
45%
Le PM dirige l'action du Gouvernement Article 21
45%
La QPC permet un controle constitutionnel a posteriori, donne aux citoyens le droit d'initier un controle constitutionnel Article 61-1
42%
Le PDLR est chef des armées Article 15
41%
Démission du Gouvernement en cas de motion de censure mais très rare, et le PDLR n'a pas forcement besoin d'accepter cette demission Article 50
41%
Le PDLR peut prendre parole devant le Congrès mais les textes du PDLR ne donnent lieu a aucun debat Article 18
37%
Le PDLR promulge les lois mais dispose du droit de demander de nouvelles deliberations Article 10
36%
Le PDLR préside le Conseil des Ministres Article 09
35%
Immunité pénale du PDLR (sauf en 53-2 et 68) Article 67
34%
Organisation de l'election présidentielle Article 07
33%
« Le Parlement vote la loi. Il contrôle l'action du Gouvernement. Il évalue les politiques publiques.» Article 24
32%
Contrôle constitutionnel obligatoire des lois organiques et des réglements parlementaires, et, si saisi, les lois ordinaires Article 61
32%
Les traités et accords internationaux ont une valeur supérieure à celle de la loi... Article 55
30%
Incompatibilité du poste ministeriel avec mandat parlementaire separation des pouvoirs, thèse de Montesquieu Article 23
29%
La Haute Cour pour destituer le PDLR Article 68
28%
Interdiction de la peine de mort Article 66-1
27%
« Tout mandat impératif est nul.» Nicolas de Condorcet, « Mes électeurs m’ont choisi pour défendre non leurs idées, mais les miennes. » Article 27
26%
Les propositions de lois (formulés par des parlementaires) ne peuvent pas faire baisser les ressources publiques Article 40
26%
Le PDLR est chef diplomatique Article 14
25%
« La République peut reconnaître la juridiction de la Cour pénale internationale. » peut, mais pas forcement Article 53-2
24%
Rationalisation de l'ordre du jour parlementaire le gouvernement participe a la redaction du l'ODJ Article 48
23%
Immunité parlementaire Article 26
22%
« L'initiative des lois appartient concurremment au Premier ministre et aux membres du Parlement. » mais la grande majorité des lois viennent du PM. aussi, note le PDLR n'a pas l'initiative legislative Article 39
22%
Le CC veille a l'élection du PDLR Article 58
22%
Le CC veille a l'élection des parlementaires Article 59
21%
Le CC veille aux bon déroulement des référendums Article 60
21%
« Nul ne peut être arbitrairement détenu. » (Habeas Corpus) Article 66
20%
Les sessions extraordinaires du parlement sont ouverts et closes par le PDLR rationalisation du parlement Article 30
19%
... mais la Constitution reste suprême par rapport au traités et accords internationaux Article 54
19%
Responsabilité pénale des ministres responsabilité pénale des ministres mais pas des parlementaires → limites de la rationalisation parlementaire Article 68-1
19%
Les décisions du CC ne peuvent faire l'objet d'aucun recours et s'imposent aux juridictions pas totalement vrai, puisque CJUE, CEDH Article 62
18%
Le PDLR est garant de l'independance de l'autorité judiciare Guy Carcassone, « autant proclamer que le loup est garant de la sécurité de la bergerie » Article 64
18%
La Cour de Justice de la République juge les ministres Article 68-2
17%
Les membres du Gouvernement ont accès aux deux chambres parlementaires sur demande rationalisation du parlement Article 31
13%
Aucun quiz correspondant
Distribution des résultats
% des personnes avec chaque résultat
Percentile par nombre de réponses
Votre historique - résultats
Vous n’avez pas pris ce quiz depuis la dernière actualisation